Tarzanov syn (Record no. 21510)
[ view plain ]
| 000 -LEADER | |
|---|---|
| fixed length control field | 01451cam a2200409 a 4500 |
| 001 - CONTROL NUMBER | |
| control field | 21510 |
| 003 - CONTROL NUMBER IDENTIFIER | |
| control field | VRT |
| 005 - DATE AND TIME OF LATEST TRANSACTION | |
| control field | 20260303142352.0 |
| 008 - FIXED-LENGTH DATA ELEMENTS--GENERAL INFORMATION | |
| fixed length control field | 240315s1992 xo a c 0000f slo |
| 015 ## - NATIONAL BIBLIOGRAPHY NUMBER | |
| National bibliography number | SNBA1992/08 |
| 020 ## - INTERNATIONAL STANDARD BOOK NUMBER | |
| International Standard Book Number | 8006004897 |
| Qualifying information | (brož.) |
| 035 ## - SYSTEM CONTROL NUMBER | |
| System control number | SNK000011581 |
| 039 #9 - LEVEL OF BIBLIOGRAPHIC CONTROL AND CODING DETAIL [OBSOLETE] | |
| Level of rules in bibliographic description | 202405301258 |
| Level of effort used to assign nonsubject heading access points | csnk01 |
| Level of effort used to assign subject headings | 202405301256 |
| Level of effort used to assign classification | csnk01 |
| Level of effort used to assign subject headings | 202403152023 |
| Level of effort used to assign classification | VLOAD |
| Level of effort used to assign subject headings | 201603141610 |
| Level of effort used to assign classification | VLOAD |
| 040 ## - CATALOGING SOURCE | |
| Original cataloging agency | SNK |
| Language of cataloging | slo |
| Transcribing agency | SNK |
| Description conventions | AACR2 |
| 041 1# - LANGUAGE CODE | |
| Language code of text/sound track or separate title | slo |
| Language code of accompanying material other than librettos and transcripts | eng |
| 044 ## - COUNTRY OF PUBLISHING/PRODUCING ENTITY CODE | |
| MARC country code | xo |
| ISO country code | SK |
| 080 ## - UNIVERSAL DECIMAL CLASSIFICATION NUMBER | |
| Universal Decimal Classification number | 820 (73)-3(087.5) |
| Edition identifier | 1981 |
| 100 1# - MAIN ENTRY--PERSONAL NAME | |
| Personal name | Burroughs, Edgar Rice, |
| Dates associated with a name | 1875-1950 |
| Relationship | aut |
| 240 10 - UNIFORM TITLE | |
| Uniform title | The son of Tarzan |
| Language of a work | Slovensky |
| 245 10 - TITLE STATEMENT | |
| Title | Tarzanov syn |
| Statement of responsibility, etc. | Edgar Rice Burroughs ; preložil Štefan Hubač ; ilustroval Charles Ren |
| 250 ## - EDITION STATEMENT | |
| Edition statement | 2. vyd. |
| 260 ## - PUBLICATION, DISTRIBUTION, ETC. | |
| Place of publication, distribution, etc. | Bratislava |
| Name of publisher, distributor, etc. | Mladé letá |
| Date of publication, distribution, etc. | 1992 |
| Place of manufacture | Nitra |
| Manufacturer | Nitrianske tlačiarne |
| 300 ## - PHYSICAL DESCRIPTION | |
| Extent | 253 s |
| Other physical details | ilustr. |
| Dimensions | 20 cm |
| 500 ## - GENERAL NOTE | |
| General note | Pre čitateľov od 11 rokov |
| 655 #7 - INDEX TERM--GENRE/FORM | |
| Genre/form data or focus term | americké romány |
| Source of term | SNKPH |
| 655 #7 - INDEX TERM--GENRE/FORM | |
| Genre/form data or focus term | dobrodružné romány |
| Source of term | SNKPH |
| 655 #7 - INDEX TERM--GENRE/FORM | |
| Genre/form data or focus term | literatúra pre deti a mládež |
| Source of term | SNKPH |
| 700 1# - ADDED ENTRY--PERSONAL NAME | |
| Personal name | Hubač, Štefan |
| Relationship | trl |
| 700 1# - ADDED ENTRY--PERSONAL NAME | |
| Personal name | Ren, Charles |
| Relationship | ill |
| 942 ## - ADDED ENTRY ELEMENTS (KOHA) | |
| Source of classification or shelving scheme | Dewey Decimal Classification |
| Koha item type | Krásna literatúra pre deti |
| Suppress in OPAC | No |
| 949 ## - LOCAL PROCESSING INFORMATION (OCLC) | |
| 6 | 17A0155692 |
| 9 | P60, <05>, [BOOK], {605} |
| a | snkSD 64391 D1 |
| 949 ## - LOCAL PROCESSING INFORMATION (OCLC) | |
| 6 | 17A1044943 |
| a | snkSD 64391 |
| 949 ## - LOCAL PROCESSING INFORMATION (OCLC) | |
| 6 | 273K0202466 |
| a | svkpoA 156314 |
| b | svkpo386359 |
| o | PV 5457/92 |
| 949 ## - LOCAL PROCESSING INFORMATION (OCLC) | |
| 6 | 270001000067123 |
| a | svkbbA 80107 |
| b | svkbbm 569768 |
| Stav vyradenia | Strata | Poškodenie | Spôsob nadobudnutia | Domovská knižnica | Aktuálna knižnica | Dátum nadobudnutia | Total checkouts | Čiarový kód exemplára | Date last seen | Typ exemplára |
|---|---|---|---|---|---|---|---|---|---|---|
| Dar | Obecná knižnica Horná Štubňa | Obecná knižnica Horná Štubňa | 03.03.2026 | 4736201605 | 03.03.2026 | Krásna literatúra pre deti |
